Normal view
MARC view
Entry Corporate Name
001 - CONTROL NUMBER
- control field: 3696
003 - CONTROL NUMBER IDENTIFIER
- control field: TZ-ArACH
005 - DATE AND TIME OF LATEST TRANSACTION
- control field: 20111202124016.0
008 - FIXED-LENGTH DATA ELEMENTS
- fixed length control field: 111202|||a|||||| | ||| d
040 ## - CATALOGING SOURCE
- Original cataloging agency: TZ-ArACH
- Transcribing agency: TZ-ArACH
110 ## - HEADING--CORPORATE NAME
- Corporate name or jurisdiction name as entry element: Operation Cóndor (South American countersubversion association)
670 ## - SOURCE DATA FOUND
- Source citation: Work cat.: (TZ-ArACH)1518: Roht-Arriaza, Naomi., Pinochet effect: transnational justice in the age of human rights, c2006.
670 ## - SOURCE DATA FOUND
- Source citation: Work cat.: (TZ-ArACH)1518: Roht-Arriaza, Naomi., Pinochet effect: transnational justice in the age of human rights, c2006.
